Mathematics of public key cryptography

Guardat en:
Dades bibliogràfiques
Autor principal: Galbraith, Steven D.
Format: Llibre
Publicat: cup
Etiquetes: Afegir etiqueta
Sense etiquetes, Sigues el primer a etiquetar aquest registre!

MARC

LEADER 00000nam a2200000Ia 4500
005 20260515061618.0
100 |a Galbraith, Steven D. 
020 |a 9781107013926 
942 |c BK 
245 |a Mathematics of public key cryptography  
260 |b cup 
999 |c 84  |d 84 
952 |0 0  |1 0  |4 0  |7 0  |a ABDN  |b ABDN  |d 2026-05-15  |l 0  |p 000044  |r 2026-05-15 06:16:18  |w 2026-05-15  |y BK